000 01465nam a2200361 a 4500
001 ebr10720717
003 CaPaEBR
006 m o u
007 cr cn|||||||||
008 111017s2011 dcuabd sb 001 0 eng d
010 _z 2011039755
020 _z9780875904849
020 _z9781118672280 (e-book)
040 _aCaPaEBR
_cCaPaEBR
035 _a(OCoLC)772505562
050 1 4 _aQC902.9
_b.A27 2011eb
082 0 4 _a551.6
_223
245 0 0 _aAbrupt climate change
_h[electronic resource] :
_bmechanisms, patterns, and impacts /
_cHarunur Rashid, Leonid Polyak, Ellen Mosley-Thompson, editors.
260 _aWashington, D.C. :
_bAmerican Geophysical Union,
_cc2011.
300 _avii, 242 p. :
_bill. (some col.), maps.
490 1 _aGeophysical monograph series,
_x0065-8448 ;
_v193
504 _aIncludes bibliographical references and indexes.
533 _aElectronic reproduction.
_bPalo Alto, Calif. :
_cebrary,
_d2015.
_nAvailable via World Wide Web.
_nAccess may be limited to ebrary affiliated libraries.
650 0 _aClimatic changes.
655 7 _aElectronic books.
_2local
700 1 _aRashid, Harunur,
_d1969-
700 1 _aPolyak, Leonid.
700 1 _aMosley-Thompson, Ellen.
710 2 _aAmerican Geophysical Union.
710 2 _aebrary, Inc.
830 0 _aGeophysical monograph ;
_v193.
856 4 0 _uhttp://site.ebrary.com/lib/rucke/Doc?id=10720717
_zAn electronic book accessible through the World Wide Web; click to view
999 _c38815
_d38815